On the Bhagavad gita : (Record no. 133395)

MARC details
000 -LEADER
fixed length control field 00877nam a22002177a 4500
005 - DATE AND TIME OF LATEST TRANSACTION
control field 20170124110208.0
010 ## - LIBRARY OF CONGRESS CONTROL NUMBER
LC control number 808827
020 ## - INTERNATIONAL STANDARD BOOK NUMBER
Terms of availability 00.00
035 ## - SYSTEM CONTROL NUMBER
System control number 808827
037 ## - SOURCE OF ACQUISITION
Source of stock number/acquisition Cen Lib/Ret
040 ## - CATALOGING SOURCE
Original cataloging agency DPL
Language of cataloging EN
082 ## - DEWEY DECIMAL CLASSIFICATION NUMBER
Classification number 181.45
Item number STE
100 ## - MAIN ENTRY--PERSONAL NAME
Personal name Steiner, Rudolf
9 (RLIN) 37830
245 ## - TITLE STATEMENT
Title On the Bhagavad gita :
Statement of responsibility, etc by Rudolf Steiner
Remainder of title two lecture series: The Bhagavad gita and the epistles of St. Paul, held in Cologne, 28th December 1912 to 1st January 1913 ; and the Occult foundations of the Bhagavad Gita, held in Helsinki, 28th May to 5th June 1913 /
260 ## - PUBLICATION, DISTRIBUTION, ETC. (IMPRINT)
Place of publication, distribution, etc Bombay
Name of publisher, distributor, etc Shakuntala Publishing House
270 ## - ADDRESS
City Bombay
Postal code 400020
Address Marker Bhavan No.1, New Marine Lines 1
300 ## - PHYSICAL DESCRIPTION
Extent xii,244p.
Dimensions 16cm(Hb)
650 ## - SUBJECT ADDED ENTRY--TOPICAL TERM
Topical term or geographic name as entry element Jesus Christ -- Theosophical interpretations
9 (RLIN) 37831
650 ## - SUBJECT ADDED ENTRY--TOPICAL TERM
Topical term or geographic name as entry element Bhagavadgītā
9 (RLIN) 37832
942 ## - ADDED ENTRY ELEMENTS (KOHA)
Source of classification or shelving scheme Dewey Decimal Classification
Koha item type English Books
Classification part 181.45
Call number suffix STE
Holdings
Withdrawn status Lost status Damaged status Not for loan Home library Current library Date acquired Source of acquisition Cost, normal purchase price Total Checkouts Full call number Barcode Date last seen Copy number Cost, replacement price Price effective from Koha item type Public note
Written off       Central Library Central Library 25/07/2015 Cen Lib/Ret 0.00   181.45 STE 808827 25/07/2015 1 0.00 25/07/2015 English Books W/d List No. 6893/11 ; dtd 14/10/2020

© Delhi Public Library
Hit Counter
free hit counter